Central Library OPAC University of Rajshahi

تفسير الخازن : المسمى لباب التأويل في معاني التنزيل [tafsir alkhazin almusamaa libab altaawil fi maeani altanzil / (Record no. 80749)

MARC details
000 -LEADER
fixed length control field 01097nam a2200241 a 4500
001 - CONTROL NUMBER
control field 80749
003 - CONTROL NUMBER IDENTIFIER
rucl marc code BD-RjUL
005 - DATE AND TIME OF LATEST TRANSACTION
control field 20221110124101.0
008 - FIXED-LENGTH DATA ELEMENTS--GENERAL INFORMATION
fixed length control field 221107s1955 u ||||| |||| 00| 0 ar d
035 ## - SYSTEM CONTROL NUMBER
System control number (BD-RjUL) 80749
040 ## - CATALOGING SOURCE
Original cataloging agency BD-RjUL
Language of cataloging eng
Transcribing agency BD-RjUL
Modifying agency BD-RjUL
041 ## - LANGUAGE CODE
Language code of text/sound track or separate title ara
082 ## - DEWEY DECIMAL CLASSIFICATION NUMBER
Edition number 23
Classification number 297.1226
Author mark and year TAF 1955
100 ## - MAIN ENTRY--PERSONAL NAME
Relator code خازن البغدادي، علي بن محمد. إعداد سناء محمود عبد الله عابد.ʻAlī ibn Muḥammad Khāzin al-Baghdādī; Sanāʼ bint Maḥmūd ʻAbd Allāh ʻĀbid
245 ## - TITLE STATEMENT
Title تفسير الخازن : المسمى لباب التأويل في معاني التنزيل [tafsir alkhazin almusamaa libab altaawil fi maeani altanzil /
Statement of responsibility, etc. علي بن محمد خازن البغداد. Alī ibn Muḥammad Khāzin al-Baghdādī; Sanāʼ bint Maḥmūd ʻAbd Allāh ʻĀbid
250 ## - EDITION STATEMENT
Edition statement 3rd.ed.
260 ## - PUBLICATION, DISTRIBUTION, ETC. (IMPRINT)
Place of publication, distribution, etc. Misr :
Name of publisher, distributor, etc. matbaat mestafa albani ,
Date of publication, distribution, etc. 1955
300 ## - PHYSICAL DESCRIPTION
Pagination v. 1-4 ;
Size 28 cm
500 ## - GENERAL NOTE
General note Includes Index
505 ## - FORMATTED CONTENTS NOTE
Formatted contents note Vol..3 .--
650 ## - SUBJECT ADDED ENTRY--TOPICAL TERM
Topical term or geographic name as entry element Qurʼan
Form subdivision Commentaries
9 (RLIN) 243643
General subdivision Early works to 1800.
942 ## - ADDED ENTRY ELEMENTS (KOHA)
Source of classification or shelving scheme Dewey Decimal Classification
Koha item type Books
Holdings
Lost status Source of classification or shelving scheme Damaged status Not for loan Collection code Permanent Location Current Location Shelving location Date acquired Source of acquisition Total Checkouts Full call number Date last seen Copy number Koha item type
  Dewey Decimal Classification   Not For Loan Non-fiction Central Library, University of Rajshahi Central Library, University of Rajshahi Reading Room 30/04/1964 Urdu Library, Rajshahi   A 297.1226 TAFV-3 1955 10/11/2022 C-1 Books